00441nam a2200157Ia 4500008004100000100002200041245001700063245002100080260002500101260000900126300003100135440005900166650001900225650002200244650001700266190423s9999 xx 000 0 und d aKumfert, Cornelia aHidden gems/ cCornelia Kumfert bReader's Digest Asia c2019 aPages 68-73, February 2019 aAsia Reader's Digest: The Power of fake pillsv115:672 aAmusement park aHistorical places aTourist spot